| 000 | 00815cad a22002055a 4500 | ||
|---|---|---|---|
| 001 | L156214 | ||
| 008 | 120503s20120503xxk f 000 0 eng d | ||
| 035 | _a(Sirsi) u156214 | ||
| 041 | 0 | _aeng | |
| 110 | 2 |
_aNationwide Building Society _91019 |
|
| 245 | 0 | 0 |
_aNationwide house price index _bApril 2012 _h[electronic resource] |
| 260 | _c2012 | ||
| 490 | 0 |
_aNationwide House Price Index _vApril 2012 |
|
| 520 | _aUnited Kingdom house prices fell by 0.2% in April 2012 and 0.9% on a year on year basis. Weak economic backdrop likely to weigh on housing market activity through 2012 | ||
| 590 | _aKA | ||
| 651 | 4 |
_aUnited Kingdom _y |
|
| 690 |
_aResidential property _96266 |
||
| 856 | 4 | 0 |
_uhttps://www.nationwide.co.uk/hpi/historical/Apr_2012.pdf _zView this item free of charge at www.nationwide.co.uk |
| 942 | _n0 | ||
| 999 |
_c114104 _d114104 |
||